LEADER 01058nam a2200265 u 4500 001 000000013073 003 CaOOAMICUS 005 20070226105619.0 008 940517s1963 ch u000 u fre u 035 $a10313883 040 $aPUL$bita 100 1 $aTerrien, Samuel L.,$d1911-$0(OLS)http://pul/name/12357 245 10$aJob /$cSamuel Terrien. 260 $aNeuchatel :$bDelachaux & Niestlé,$cc1963. 300 $a278 p. ;$c25 cm 490 1 $aCommentaire de l'Ancien Testament ;$v13 630 04$aBiblia.$pV.T.$pIob$xCommenti.$0(OLS)http://pul/subject/2015 730 01$aBiblia.$pV.T.$pIob.$lFrancese.$0(OLS)http://pul/title/18876 830 0$aCommentaire de l'Ancien Testament ;$v13.$0(OLS)http://pul/title/18892 850 $aPUL 852 $aPUL$W1$xSL Religione 1$y3$m1(7) L 48$j18455$nBK-PRI$b $qStampati$B18455$CPULBib$Z2$F18455 $H $81 941 1 $a8 961 $aINV: 33443 996 $6245$aJob$9(OLS)http://pul/title/18891 996 $6260$aNeuchatel :$bDelachaux & Niestlé$9(OLS)http://pul/publisher/47915 LEADER 01126nam a2200241 u 4500 001 000000080977 003 CaOOAMICUS 005 20070226123715.0 008 050310s1861 it u000 u lat u 035 $a11033250 040 $aPUL(R)$bita 100 1 $aKnoll, Albert,$cO.F.M.Cap.,$d1796-1863.$0(OLS)http://pul/name/1722 245 10$aInstitutiones theologiae dogmaticae generalis seu fundamentalis conscriptae a reverendissimo p. Alberto a Bulsano .. 250 $aEditio altera /$bab autore revisa et aucta. 260 $aTaurini :$bEx Typis Hyacinthi Marietti,$c1861. 300 $a526 p. ;$c21 cm 500 $aTesto su due colonne. 650 4$aTeologia dogmatica$vCompendi, manuali, ecc.$0(OLS)http://pul/subject/9434 850 $aPUL 852 $aPUL$W1$xDP1 Fondo Cecchetti$y53$m260 E 83$j103368$nBK-PRI$qFondi$B103368$CPULBib$Z2$F103368 $81 941 1 $a1 996 $6245$aInstitutiones theologiae dogmaticae generalis seu fundamentalis conscriptae a reverendissimo p. Alberto a Bulsano ..$9(OLS)http://pul/title/105991 996 $6260$aTaurini :$bEx Typis Hyacinthi Marietti$9(OLS)http://pul/publisher/75909